000 00259nam a2200097Ia 4500
001 1103580
005 20250827003343.0
008 250824s9999 xx 000 0 und d
245 0 _aARADIĞINI BULDUĞUN YERDESİN
_cBİRCAN YILDIRIM
260 _bDESTEK YAYINLARI
999 _c1103580
_d1103580